000 00558nam a2200181 i 4500
001 64661
003 ES-MaACL
005 20250818042551.0
007 t|
008 040102s1970 sp ||||1| cat d
245 0 3 _aLa formació de la Catalunya moderna /
_cPierre Villar...[et al.].
260 _aBarcelona :
_bAriel,
_c[1970]
300 _a1 v. ;
_c22 cm.
505 8 _aContiene: V.I: Recerques : historia, economía, cultura
700 1 _aVilar, Pierre,
_d1906-2003
_9114800
852 _aES-MaACL
_jP-1735
_bR.75133
999 _c64661
_d64661